Англійські зоофразеологізми (на матеріалі збірки ОГенрі "Чотири мільйони") (Запис № 283480)
[ простий вигляд ]
| 000 -LEADER | |
|---|---|
| fixed length control field | 01722nam a22001577a 4500 |
| 041 ## - LANGUAGE CODE | |
| Language code of text/sound track or separate title | ukr |
| 080 ## - UNIVERSAL DECIMAL CLASSIFICATION NUMBER | |
| Universal Decimal Classification number | 09 |
| 090 ## - LOCALLY ASSIGNED LC-TYPE CALL NUMBER (OCLC); LOCAL CALL NUMBER (OCLC) | |
| Local cutter number (OCLC) ; Book number/undivided call number, CALL (RLIN) | ПЕТ |
| 100 ## - MAIN ENTRY--PERSONAL NAME | |
| Personal name | Петришин Н. З. |
| 245 ## - TITLE STATEMENT | |
| Title | Англійські зоофразеологізми (на матеріалі збірки ОГенрі "Чотири мільйони") |
| 260 ## - PUBLICATION, DISTRIBUTION, ETC. (IMPRINT) | |
| Place of publication, distribution, etc | Острог |
| Name of publisher, distributor, etc | КАФ |
| Date of publication, distribution, etc | 2006 |
| 300 ## - PHYSICAL DESCRIPTION | |
| Extent | 92 |
| 520 ## - SUMMARY, ETC. | |
| Summary, etc | Розділ 1. Зоофразеологізми як перекладознавча одиниця<br/>1.1. Зоофразеологізми як особлива лексико-семантична група фразеологізмів<br/>1.2. Класифікація фразеологізмів<br/>1.3. Джерела виникнення англійських фразеологізмів<br/>1.4. Проблема перекладу фразеологізмів<br/>1.4.1. Питання адекватності у художньому перекладі<br/>1.4.2. Поняття еквівалентності перекладу фразеологізмів<br/>1.4.3.Способи перекладу фразеологізмів<br/>Розділ 2. Переклад зоофразеологізмів збірки ОГенрі "Чотири мільйони"<br/>2.1. Зоофразеологізми-метафори<br/>2.2. Зоофразеологізми-метонімії<br/>2.3. Зоофразеологізми-гіперболи<br/>2.4. Зоофразеологізми, що виникли внаслідок лексикалізації<br/>2.5. Зоофразеологізми-порівняння<br/>2.6. Прислівя, приказки, примовки |
| -- | фразеологія, переклад |
| 650 ## - SUBJECT ADDED ENTRY--TOPICAL TERM | |
| Topical term or geographic name as entry element | Research Papers |
| 942 ## - ADDED ENTRY ELEMENTS (KOHA) | |
| Koha item type | Книги |
| Withdrawn status | Lost status | Source of classification or shelving scheme | Damaged status | Not for loan | Home library | Current library | Date acquired | Source of acquisition | Coded location qualifier | Cost, normal purchase price | Total Checkouts | Full call number | Barcode | Date last seen | Price effective from | Koha item type |
|---|---|---|---|---|---|---|---|---|---|---|---|---|---|---|---|---|
| Universal Decimal Classification | ВІЛ - Відділ іноземн. літератури НБ | ВІЛ - Відділ іноземн. літератури НБ | 29/01/2019 | Ретроспекція | В33 | 1.00 | 09 | 212295 | 20/12/2021 | 29/01/2019 | Книги |